000 00420nam a2200157Ia 4500
008 210210b1985 xxu||||| |||| 00| 0 eng d
082 _a658.001 GOPS
100 _aGOPALAKRISHNA (D).
245 _aStudy in managerial economics. Ed 2.
250 _a
260 _aBombay.
_bHimalaya Publishing House
_c1985
300 _axi,477
650 _aManagerial Economics
690 _aBusiness Economics
906 _a039848
999 _c89854
_d89854